|
|
|
|
| LEADER |
02052nam a2200505 i 4500 |
| 001 |
nkc20203172126 |
| 003 |
CZ PrNK |
| 005 |
20200625122346.0 |
| 007 |
ta |
| 008 |
200121s2019 xr a e p 000 0 cze |
| 015 |
|
|
|a cnb003172126
|
| 020 |
|
|
|a 978-80-7561-203-8
|q (brožováno)
|
| 035 |
|
|
|a (OCoLC)1200247578
|
| 040 |
|
|
|a BOA001
|b cze
|d ABA001
|e rda
|
| 072 |
|
7 |
|a 621
|x Strojírenství
|2 Konspekt
|9 19
|
| 072 |
|
7 |
|a 37.016
|x Učební osnovy. Vyučovací předměty. Učebnice
|2 Konspekt
|9 22
|
| 080 |
|
|
|a 621.9.06-933.6
|2 MRF
|
| 080 |
|
|
|a 004.42
|2 MRF
|
| 080 |
|
|
|a (075.8)
|2 MRF
|
| 100 |
1 |
|
|a Náprstková, Nataša,
|d 1968-
|7 ola2006357556
|4 aut
|
| 245 |
1 |
0 |
|a Úvod do problematiky, základů a možností programování CNC strojů /
|c Nataša Náprstková, Naděžda Čuboňová
|
| 250 |
|
|
|a Vydání: první
|
| 264 |
|
1 |
|a Ústí nad Labem :
|b FSI, UJEP,
|c 2019
|
| 300 |
|
|
|a 284 stran :
|b ilustrace ;
|c 26 cm
|
| 336 |
|
|
|a text
|b txt
|2 rdacontent
|
| 337 |
|
|
|a bez média
|b n
|2 rdamedia
|
| 338 |
|
|
|a svazek
|b nc
|2 rdacarrier
|
| 500 |
|
|
|a Nad názvem: Fakulta strojního inženýrství, Univerzita Jana Evangelisty Purkyně
|
| 500 |
|
|
|a 200 výtisků
|
| 504 |
|
|
|a Obsahuje bibliografii
|
| 650 |
0 |
7 |
|a CNC stroje
|7 ph258296
|2 czenas
|
| 650 |
0 |
7 |
|a programování
|7 ph115891
|2 czenas
|
| 650 |
0 |
9 |
|a CNC machine tools
|2 eczenas
|
| 650 |
0 |
9 |
|a programming
|2 eczenas
|
| 655 |
|
7 |
|a učebnice vysokých škol
|7 fd133772
|2 czenas
|
| 655 |
|
9 |
|a textbooks (higher)
|2 eczenas
|
| 700 |
1 |
|
|a Čuboňová, Nadežda
|7 xx0070963
|4 aut
|
| 710 |
2 |
|
|a Univerzita J.E. Purkyně v Ústí nad Labem.
|b Fakulta strojního inženýrství
|7 mzk2018986924
|4 isb
|
| 910 |
2 |
|
|a BOA001
|b 2-1446.981
|
| 928 |
9 |
|
|a Univerzita Jana Evangelisty Purkyně, Fakulta strojního inženýrství
|
| 990 |
|
|
|a BK
|
| 995 |
|
|
|a 01
|
| 991 |
|
|
|b 202006
|c NOV
|
| 996 |
6 |
|
|b 2610825282
|c 2-1446.981
|l MZK
|r Sklad / do 1 hodiny
|n 2
|p p.v.
|w 001802457
|u 000010
|a 1
|e BOA001
|j MZK50
|s P
|
| 996 |
7 |
|
|b 2610827915
|c 2-1446.981
|l Vol.výběr
|r VV 1p
|n 10
|p kup
|h 621.7/.9 NÁP
|w 001802457
|u 000020
|a 0
|e BOA001
|j MZK50
|s A
|